| 000 | 00900nam a2200253 4500 | ||
|---|---|---|---|
| 003 | OSt | ||
| 005 | 20260601170959.0 | ||
| 008 | 260505b2015\\\\mx\a||||\||||\00|\0\spa\d | ||
| 040 |
_aICI _bspa _cICI |
||
| 041 | _aspa | ||
| 050 | 0 |
_aTS140.A48 _bH47 2015 |
|
| 100 | 1 |
_aMontero, Martha, Patricia, _eEditor _931192 |
|
| 245 | 1 |
_aManuel Alvarez Fuentes _bDiseñador Industrial Pionero y protagonista _cComposición gráfica Elisa Orozco, Luis Rodríguez |
|
| 260 |
_aQuerétaro : _bTecnológico de Monterrey _c2015 |
||
| 264 |
_bTecnológico de Monterrey, _c2015 _aMéxico |
||
| 300 |
_a59 páginas: _bilustraciones |
||
| 336 |
_atexto _2rdacontent |
||
| 337 |
_asin medio _2rdamedia |
||
| 338 |
_avolumen _2rdacarrier |
||
| 650 |
_aDiseño industrial. _915218 |
||
| 700 |
_aRodríguez, Luis, _eComposición gráfica _928627 |
||
| 700 |
_aOrozco, Elisa, _eComposición gráfica _931193 |
||
| 942 |
_2lcc _cB _n1 |
||
| 999 |
_c20008 _d20008 |
||